000 00251nam a2200097Ia 4500
001 640189
005 20250826153442.0
008 250824s9999 xx 000 0 und d
245 0 _a10 Haylaz mı Haylaz Bir Melek!
_cR. L. Stine
260 _bBEYAZ BALİNA
999 _c640189
_d640189